| 000 | 00557nam a2200205Ia 4500 | ||
|---|---|---|---|
| 008 | 241004s9999 xx 000 0 und d | ||
| 020 | _a97893891985080 | ||
| 037 | _aTextbook | ||
| 040 |
_aARTS _beng _cARTS |
||
| 041 |
_aeng _2eng |
||
| 084 |
_aQ4:23 R2 _qARTS |
||
| 100 |
_aLama G.K. Au. _937756 |
||
| 245 |
_aCult of adamantine path _cLama G.K. Au. |
||
| 260 |
_aIndia _bDelhi Buddhist World Press _c2021 |
||
| 300 | _axxvi,344p. | ||
| 365 |
_aINR _b4500 |
||
| 650 | _aBuddhism | ||
| 942 |
_cTB _hQ4:23 R2 |
||
| 999 |
_c1218910 _d1218910 |
||